000 00306nam a22001217a 4500
008 181015b xxu||||| |||| 00| 0 eng d
041 _aeng
080 _27th
_a591
100 _a7
101 _aZOO
245 _aHagan and Bruner's Infectious diseases of domestic Animals
_cGillespie,J.H
942 _2udc
_cBK
999 _c49670
_d49670